| 000 | 00894nam a2200253 a 4500 | ||
|---|---|---|---|
| 999 |
_c30038 _d30038 |
||
| 003 | CUTN | ||
| 005 | 20190822152904.0 | ||
| 008 | 060523s2006 enka 001 0 eng | ||
| 020 | _a9781845421182 (hbk.) | ||
| 020 | _a1845421183 (hbk.) | ||
| 041 | _aEnglish | ||
| 082 | 0 | 4 |
_a658.11 _222 _bDAV |
| 245 | 0 | 0 |
_aNew firm startups / _cedited by Per Davidsson. |
| 260 |
_aCheltenham : _bEdward Elgar, _cc2006. |
||
| 300 |
_a551 p. : _bill. ; _c25 cm. |
||
| 440 | _aInternational library of entrepreneurship, 7. | ||
| 505 |
_tPART I OVERVIEW _tPART II ENVIRONMENT _t'PART III INDIVIDUAL _tPART IV VENTURE _tPART V PROCESS _tPART VI OUTCOMES |
||
| 650 | 0 | _aNew business enterprises. | |
| 700 | 1 | _aDavidsson, Per. | |
| 942 |
_2ddc _cBOOKS |
||
| 504 | _aIncludes bibliographical references and index. | ||
| 830 | 0 |
_aInternational library of entrepreneurship ; _v7 |
|